| 000 | 00953cam a22002771 4500 | ||
|---|---|---|---|
| 001 | 2437 | ||
| 003 | FISKH | ||
| 005 | 20240105090042.0 | ||
| 008 | 750630s1949 xx 000 0 eng | ||
| 010 | _a 49048328 | ||
| 020 | _a9780862032623 | ||
| 035 | _a(OCoLC)1420246 | ||
| 040 |
_aDLC _cFO _dOCoLC _dDLC _beng |
||
| 050 | 0 | 0 |
_aPZ7.K595 _bBe |
| 082 | _a813'.52 | ||
| 100 | 1 | _aKingman, Lee. | |
| 245 | 1 | 4 |
_aThe best Christmas / _cLee Kingman ; illustrated by Janet Duchesne |
| 250 | _aThis edition first published in 1986 | ||
| 260 |
_aLondon : _bRedwing Books, _c1949 |
||
| 300 |
_a64 pages : _billustrations ; _c21 cm |
||
| 520 | _aWhen his older brother is lost at sea just before Christmas, ten-year-old Erkki works secretly to make special presents for all the members of his family. | ||
| 650 | _aChristmas Story | ||
| 700 | 1 | 2 |
_aDuchesne, Janet _eillustrator |
| 906 |
_a7 _bcbc _coclcrpl _du _encip _f19 _gy-gencatlg |
||
| 942 |
_2ddc _cBK _n0 |
||
| 999 |
_c2437 _d2437 |
||